World Darts Championship 2026 - Quarter-Finals - Statistics

General Stats
  • This quiz has been taken 31 times
  • The average score is 7 of 8
Answer Stats
Match - Match % Correct
Gary Anderson -
100%
Luke Littler - .
100%
Gian van Veen -
92%
Luke Humphries -
92%
Justin Hood -
88%
Ryan Searle -
84%
Jonny Clayton -
76%
Krzysztof Ratajski -
76%
No matching quizzes found
Score Distribution
Percent of People with Each Score
Percentile by Number Answered
Your Score History
You have not taken this quiz